<?xml version="1.0" encoding="UTF-8"?>
<marc:record xmlns:marc="http://www.loc.gov/MARC21/slim">
   <marc:leader>00000nam a2200000 a 4500</marc:leader>
   <marc:datafield ind1="1" ind2=" " tag="100">
      <marc:subfield code="a">Ehrenhauser, Martin</marc:subfield>
      <marc:subfield code="4">aut</marc:subfield>
      <marc:subfield code="e">Verfasser/-in</marc:subfield>
   </marc:datafield>
   <marc:datafield ind1="0" ind2="0" tag="245">
      <marc:subfield code="a">Der Liebende</marc:subfield>
   </marc:datafield>
   <marc:datafield ind1="0" ind2="0" tag="245">
      <marc:subfield code="b">Roman</marc:subfield>
   </marc:datafield>
   <marc:datafield ind1="0" ind2="0" tag="245">
      <marc:subfield code="c">Martin Ehrenhauser</marc:subfield>
   </marc:datafield>
   <marc:datafield ind1=" " ind2="1" tag="264">
      <marc:subfield code="a">Berlin</marc:subfield>
      <marc:subfield code="b">Ullstein</marc:subfield>
      <marc:subfield code="c">2024</marc:subfield>
   </marc:datafield>
   <marc:datafield ind1=" " ind2=" " tag="250">
      <marc:subfield code="a">Ungekürzte Ausgabe im Ullstein Taschenbuch, 1. Auf</marc:subfield>
   </marc:datafield>
   <marc:datafield ind1="1" ind2=" " tag="520">
      <marc:subfield code="a">Spätes Gluck#Monsieur Haslinger lebt zurückgezogen. Mal eine Schachpartie, mal ein Glas Wein, vor allem die stille Fürsorge für alles, was blüht und grünt, füllen den pensionierten Seelsorger aus. Bis ihn die neue Nachbarin aus seiner Ruhe reißt. Madame Janssen ist in der Welt herumgekommen, und sie ist neugierig auf den Geistlichen nebenan. Ohne es zu wollen, fühlen sich beide zueinander hingezogen. Eine zärtliche Liebe beginnt. Doch Madame Janssen hat ein Geheimnis  und eine ungewöhnliche Bitte.##»Eine wirklich charmante Geschichte uber die Liebe. Mit franzosischem Flair, poetisch, zärtlich, klug.« Carsten Henn#»Und wir verfolgen entzückt mit, wie sie die Liebe genießen.« Brigitte#»Hut ab vor diesem gro artigen Roman« ORF Radio#»Zartfuhlender Roman« Kronen Zeitung#»Sätze zum Unterstreichen. Ein Buch, das bei aller Leichtigkeit zum Nachdenken anregt.« Belgischer Rundfunk</marc:subfield>
   </marc:datafield>
   <marc:datafield ind1=" " ind2=" " tag="020">
      <marc:subfield code="a">9783548069746</marc:subfield>
      <marc:subfield code="9">9783548069746</marc:subfield>
   </marc:datafield>
   <marc:datafield ind1=" " ind2=" " tag="041">
      <marc:subfield code="a">ger</marc:subfield>
   </marc:datafield>
   <marc:datafield ind1=" " ind2=" " tag="300">
      <marc:subfield code="a">197 Seiten</marc:subfield>
   </marc:datafield>
</marc:record>
